000 00819nas a2200265 4500
001 BR9000672
003 BR-BrBNA
005 20231205091814.0
007 ta
008 230509b bl.|||p| |||| 00| 00por d
040 _aBR-BrBNA
_bpor
_cBiblioteca Nacional de Agricultura
041 _a(Pt)
072 _aP32
100 1 _aFreitas, S.S.
100 1 _aCardoso, C.O.N.
100 1 _aCamargo, O.A.
100 1 _aLopes, E.S.
245 1 _aMineralizacao e imobilizacao de nitrogenio em solo tratado com torta de filtro e carbonato de calcio
650 _aMINERALIZACAO
650 _aNITROGENIO
650 _aSOLO
773 0 _tRevista Brasileira de Ciencia do Solo (Brazil)
_xISSN 0100-0683
_g(Sep-Dec 1988), v. 12(3) p. 243-248
_wBR9000672
909 _a202311
_bLúcia
_c55
_dLúcia Elande
942 _2AGRIS
_n0
_cANA
999 _c127459
_d127459